000 00797nam a2200217Ia 4500
003 GCL
008 140319s9999 xx 000 0 ara d
040 _aGCL /
_cGCL
082 0 4 _aق
_b953.07393
_bا ص
100 1 _aهاملتون, ا.ر. جب
245 1 0 _aصلاح الدين الايوبى: دراسات فى التاريخ الاسلامى /
_cهاملتون, ا.ر. جب
700 1 _aيوسف ابيش
300 _a240 ص
490 _aالهيئة العامة للاستعلامات
_v0
650 0 4 _aالتاريخ الاسلامى
650 0 4 _aالدولة الايوبية
650 0 4 _aصلاح الدين الايوبى
650 0 4 _aمصر - تاريخ - العصر الاسلامى
650 0 4 _aسوريا - تاريخ - العصر الاسلامى
942 _2ddc
_cBK
999 _c49036
_d49036